<?xml version="1.0" encoding="UTF-8"?><?xml-stylesheet type="text/xsl" href="static/style.xsl"?><OAI-PMH xmlns="http://www.openarchives.org/OAI/2.0/" xmlns:xsi="http://www.w3.org/2001/XMLSchema-instance" xsi:schemaLocation="http://www.openarchives.org/OAI/2.0/ http://www.openarchives.org/OAI/2.0/OAI-PMH.xsd"><responseDate>2026-04-17T05:34:25Z</responseDate><request verb="GetRecord" identifier="oai:www.recercat.cat:2117/132689" metadataPrefix="marc">https://recercat.cat/oai/request</request><GetRecord><record><header><identifier>oai:recercat.cat:2117/132689</identifier><datestamp>2025-07-23T05:59:34Z</datestamp><setSpec>com_2072_1033</setSpec><setSpec>col_2072_452951</setSpec></header><metadata><record xmlns="http://www.loc.gov/MARC21/slim" xmlns:dcterms="http://purl.org/dc/terms/" xmlns:xsi="http://www.w3.org/2001/XMLSchema-instance" xmlns:doc="http://www.lyncode.com/xoai" xsi:schemaLocation="http://www.loc.gov/MARC21/slim http://www.loc.gov/standards/marcxml/schema/MARC21slim.xsd">
   <leader>00925njm 22002777a 4500</leader>
   <datafield ind2=" " ind1=" " tag="042">
      <subfield code="a">dc</subfield>
   </datafield>
   <datafield ind2=" " ind1=" " tag="720">
      <subfield code="a">Jian, Lin</subfield>
      <subfield code="e">author</subfield>
   </datafield>
   <datafield ind2=" " ind1=" " tag="720">
      <subfield code="a">Morán Potes, John Alfredo</subfield>
      <subfield code="e">author</subfield>
   </datafield>
   <datafield ind2=" " ind1=" " tag="260">
      <subfield code="c">2019-02-06</subfield>
   </datafield>
   <datafield ind2=" " ind1=" " tag="520">
      <subfield code="a">En el presente trabajo se estudia los procesos de producción actual de las pastillas de freno. En concreto se diseñan las del Automóvil Aston Martin Cygnet 1.3, modelo 2011. Se realiza visitas a empresas que se dedican a la fabricación de pastillas de freno. La idea es diseñar casquillos extraíbles, para ser introducidos en las cavidades del molde prensa; rediseñados con este fin. Al realizar la visita a una de las empresas, nos dimos cuenta de un posible problema con los operarios, que tenían que quitar las pastillas de freno, una vez el molde las haya prensado y posterior llenado de las cavidades del molde prensa con la composición de las pastillas de freno, también llamado material de fricción. Entonces decidimos diseñar un carro transporte (carro robot), que a su vez tendría que abastecer del material de fricción, a las cavidades de los moldes prensa. Una vez se ha realizado el diseño y rediseño del molde prensa; son sometidos a análisis de elementos finitos, que determinará si los diseños cumplen con las especificaciones requeridas. Se realiza un estudio de diagramas OT, antes y después de las mejoras realizadas, para determinar los tiempos de operaciones. Para saber si se mejoran los tiempos de procesos de la producción de las pastillas freno. Se diseña el esquema neumático de los cilindros, que efectúan los movimientos del carro robot.</subfield>
   </datafield>
   <datafield tag="653" ind2=" " ind1=" ">
      <subfield code="a">Àrees temàtiques de la UPC::Enginyeria mecànica::Processos de fabricació mecànica</subfield>
   </datafield>
   <datafield tag="653" ind2=" " ind1=" ">
      <subfield code="a">Brakes</subfield>
   </datafield>
   <datafield tag="653" ind2=" " ind1=" ">
      <subfield code="a">Machine design</subfield>
   </datafield>
   <datafield tag="653" ind2=" " ind1=" ">
      <subfield code="a">Diseño de postizo</subfield>
   </datafield>
   <datafield tag="653" ind2=" " ind1=" ">
      <subfield code="a">Análisis de elementos finitos</subfield>
   </datafield>
   <datafield tag="653" ind2=" " ind1=" ">
      <subfield code="a">Mejora de proceso</subfield>
   </datafield>
   <datafield tag="653" ind2=" " ind1=" ">
      <subfield code="a">SMED</subfield>
   </datafield>
   <datafield tag="653" ind2=" " ind1=" ">
      <subfield code="a">Diseño de pinza</subfield>
   </datafield>
   <datafield tag="653" ind2=" " ind1=" ">
      <subfield code="a">Procesos de fabricación</subfield>
   </datafield>
   <datafield tag="653" ind2=" " ind1=" ">
      <subfield code="a">Diagramas OT</subfield>
   </datafield>
   <datafield tag="653" ind2=" " ind1=" ">
      <subfield code="a">Rediseño del molde</subfield>
   </datafield>
   <datafield tag="653" ind2=" " ind1=" ">
      <subfield code="a">Esquema neumático</subfield>
   </datafield>
   <datafield tag="653" ind2=" " ind1=" ">
      <subfield code="a">Estadísticas de riesgos laborales</subfield>
   </datafield>
   <datafield tag="653" ind2=" " ind1=" ">
      <subfield code="a">Frens</subfield>
   </datafield>
   <datafield tag="653" ind2=" " ind1=" ">
      <subfield code="a">Maquinària -- Disseny</subfield>
   </datafield>
   <datafield ind2="0" ind1="0" tag="245">
      <subfield code="a">Estudio y diseño de las pastillas de freno y sus procesos de fabricación actual</subfield>
   </datafield>
</record></metadata></record></GetRecord></OAI-PMH>